Facultad de Odontología.  Biblioteca.  Nodo central                      



header.jpg

Criterios que orientan la declaración judicial de paternidad y filiación./ (Registro nro. 5385)

Detalles MARC
000 -LEADER
campo de control de longitud fija 01096nam a22003137a 4500
003 - IDENTIFICADOR DE NÚMERO DE CONTROL
campo de control OSt
005 - FECHA Y HORA DE LA ÚLTIMA TRANSACCIÓN
campo de control 20250610183536.0
007 - CAMPO FIJO DE DESCRIPCIÓN FÍSICA--INFORMACIÓN GENERAL
campo de control de longitud fija ta
008 - DATOS DE LONGITUD FIJA--INFORMACIÓN GENERAL
campo de control de longitud fija 250610b |||||||| |||| 00| 0 sp d
040 ## - FUENTE DE CATALOGACIÓN
Centro catalogador/agencia de origen CUNOROC
Lengua de catalogación spa
Centro/agencia transcriptor CUNOROC
Centro/agencia modificador CUNOROC
041 ## - CÓDIGO DE IDIOMA
Código de lengua del texto/banda sonora o título independiente spa
Código de lengua del texto cantado o hablado spa
Código de lengua de los libretos spa
Código de idioma del material acompañante/anexo si no son libretos y transcripciones spa
Código de lengua original spa
082 ## - NÚMERO DE LA CLASIFICACIÓN DECIMAL DEWEY
Número de clasificación T 24 09
100 10 - ENTRADA PRINCIPAL--NOMBRE DE PERSONA
Nombre de persona Mendoza Vicente, Daniel René
Término indicativo de función/relación Autor
9 (RLIN) 13075
245 10 - MENCIÓN DEL TÍTULO
Título Criterios que orientan la declaración judicial de paternidad y filiación./
Mención de responsabilidad, etc. Daniel René Mendoza Vicente./
Medio Digital.--
260 ## - PUBLICACIÓN, DISTRIBUCIÓN, ETC.
Lugar de publicación, distribución, etc. Huehuetenango, Guatemala:
Nombre del editor, distribuidor, etc. CUNOROC;
Fecha de publicación, distribución, etc. c2016
300 ## - DESCRIPCIÓN FÍSICA
Extensión 113 páginas:
Otras características físicas il;
Dimensiones 21 cm.
650 ## - PUNTO DE ACCESO ADICIONAL DE MATERIA--TÉRMINO DE MATERIA
Término de materia o nombre geográfico como elemento de entrada Familia
9 (RLIN) 5603
650 ## - PUNTO DE ACCESO ADICIONAL DE MATERIA--TÉRMINO DE MATERIA
Término de materia o nombre geográfico como elemento de entrada Derecho de familia
9 (RLIN) 6701
650 ## - PUNTO DE ACCESO ADICIONAL DE MATERIA--TÉRMINO DE MATERIA
Término de materia o nombre geográfico como elemento de entrada Parentesco
9 (RLIN) 13076
650 ## - PUNTO DE ACCESO ADICIONAL DE MATERIA--TÉRMINO DE MATERIA
Término de materia o nombre geográfico como elemento de entrada Filiación
9 (RLIN) 13077
650 ## - PUNTO DE ACCESO ADICIONAL DE MATERIA--TÉRMINO DE MATERIA
Término de materia o nombre geográfico como elemento de entrada Computación del parentesco
9 (RLIN) 13078
650 ## - PUNTO DE ACCESO ADICIONAL DE MATERIA--TÉRMINO DE MATERIA
Término de materia o nombre geográfico como elemento de entrada Consanguinidad
9 (RLIN) 13079
650 ## - PUNTO DE ACCESO ADICIONAL DE MATERIA--TÉRMINO DE MATERIA
Término de materia o nombre geográfico como elemento de entrada Afinidad
9 (RLIN) 13080
650 ## - PUNTO DE ACCESO ADICIONAL DE MATERIA--TÉRMINO DE MATERIA
Término de materia o nombre geográfico como elemento de entrada Filiación matrimonial
9 (RLIN) 13060
650 ## - PUNTO DE ACCESO ADICIONAL DE MATERIA--TÉRMINO DE MATERIA
Término de materia o nombre geográfico como elemento de entrada Filiación extramatrimonial
9 (RLIN) 13061
650 ## - PUNTO DE ACCESO ADICIONAL DE MATERIA--TÉRMINO DE MATERIA
Término de materia o nombre geográfico como elemento de entrada Paternidad
9 (RLIN) 13059
856 ## - LOCALIZACIÓN Y ACCESO ELECTRÓNICOS
Identificador Uniforme de Recursos <a href="https://drive.google.com/file/d/176xmUA3aw0y72rV4Ng5jLgk8k4PHz5QX/view?usp=sharing">https://drive.google.com/file/d/176xmUA3aw0y72rV4Ng5jLgk8k4PHz5QX/view?usp=sharing</a>
942 ## - ELEMENTOS DE ENTRADA SECUNDARIOS (KOHA)
Fuente del sistema de clasificación o colocación Clasificación Decimal Dewey
Tipo de ítem Koha TESIS
Suprimir en OPAC No
Existencias
Estatus retirado Estado de pérdida Fuente del sistema de clasificación o colocación Estado de daño No para préstamo Código de colección Biblioteca de origen Biblioteca actual Ubicación en estantería Fecha de adquisición Total de préstamos Signatura topográfica completa Visto por última vez Precio de reemplazo Tipo de ítem Koha Nota pública
    Clasificación Decimal Dewey     No ficción Biblioteca Victor Manuel Calderón Saenz. del Centro Universitario Huehuetenango Biblioteca Victor Manuel Calderón Saenz. del Centro Universitario Huehuetenango Documento de Graduación 10/06/2025   T 24 09 10/06/2025 10/06/2025 TESIS Disponible